00378nam a22001457a 4500003000400000008004100004020001800045082001600063100003400079245003700113250001400150260004300164300001200207650001300219OSt240327b |||||||| |||| 00| 0 eng d a9789385676079 a368.001 MII aMISHRA, M.N. and MISHRA, S.B. aInsurance: Principles & Practice a22nd. ed. aNoidabS Chand & Company Limitedc2023 a1007 p. aCommerce